| 000 | 00666nam a2200265Ia 4500 | ||
|---|---|---|---|
| 005 | 20260121170859.0 | ||
| 008 | 008 260114s9999 xx 000 0 eng d | ||
| 020 | _a9783030004880 | ||
| 037 | _aEBOOK | ||
| 040 | _aCRL | ||
| 040 | _beng | ||
| 040 | _cCRL | ||
| 041 | _2eng | ||
| 041 | _aeng | ||
| 084 | _qCRL | ||
| 100 |
_aAyd?n Cem Keser _91069303 |
||
| 245 | 0 | _aClassical Analogies in the Solution of Quantum Many-Body Problems | |
| 260 | _bSpringer | ||
| 260 | _bSpringer | ||
| 260 | _c2018 | ||
| 856 | _uhttps://link.springer.com/openurl?genre=book&isbn=978-3-030-00488-0 | ||
| 942 | _cEBOOK | ||
| 999 |
_c1635033 _d1635033 |
||